James O'Reilly

Arizona State A


Categories

Beliefs24126540101.5026
Ancient History and Archaeology030230115127.6713
History - World History030130103111.3303
History - European History030330105123.3303
History - American History1000152525.0011
Fine Arts - Visual Fine Arts010110152152.0001
British and Commonwealth History010010106106.0001
Other Science: Astronomy010010117117.0001
Philosophy01115118118.0001

Buzzes

History - American Historywealth1525
Philosophyjustice-530
BeliefsCupid AND Psyche1540
BeliefsCaesarian section-556
BeliefsCú Chulainn1586
BeliefsYahweh1091
History - World HistoryUmayyad Caliphate10103
History - World HistoryAlexander the Great10104
History - European HistoryNormans10105
British and Commonwealth HistoryCatherine10106